000 00442nam a2200169Ia 4500
003 GCL
008 140319s9999 xx 000 0 eng d
040 _aGCL /
_cGCL
082 0 4 _a658.022
_bG I
100 1 _aGARDNER, JOHN
245 1 0 _aINTERMEDIATE BUSINESS FOR GNVQ /
_cGARDNER, JOHN
260 _a[S.N] :
_bSTANTEY THORNES ،
_c1995
300 _a269P
650 0 4 _aSMALL ENTERPRISES
650 0 4 _aGENERAL MANAGEMENT
942 _2ddc
_cBK
999 _c12374
_d12374